=LDR 00000nam 2200000 4500 =001 INLIS000000000019681 =005 20130612114717 =008 ***********************************Ind** =035 ##$$0010-061300000019681 =041 ##$$a Ind =082 ##$$a R.621.003 =090 ##$$a R.621.003, Yus k =100 ##$$a Yuswardi, Urip =245 ##$$a Kamus istilah otomatif Inggris-Indonesia, Urip Yuswardi =260 ##$$a 2005 $b Bandung =300 ##$$a 296 hlm, ilus, 20 cm =650 ##$$a Mesin-Kamus =850 ##$$a NBPNMAT